000 00606nam a22001697a 4500
003 OSt
005 20171010095436.0
008 120521t xxu||||| |||| 00| 0 eng d
040 _aMMSU
_cULS
100 _aDagdagan, Desiree T.
_99577
245 _aEvaluation of bacterial strains isolated from cornick waste for the degradation of sweet sorghum bagasse
_cDesiree T. Dagdagan
260 _c2007
300 _axiii, 41 leaves
_c28 cm.
500 _aThesis (BS Biology) -- Mariano Marcos State University-College of Arts and Sciences, Batac City
504 _aBibliography: leaf 26
942 _2ddc
_cTHEDIS
999 _c9515
_d9515